| 000 | 00387cam a2200169ua 4500 | ||
|---|---|---|---|
| 020 | _c1.50 | ||
| 041 |
_amal _h |
||
| 082 |
_a926.1 _bSCH/EN |
||
| 100 | _aSchweitzer, Albert . | ||
| 245 | _aEnte jeevithavum chinthayum | ||
| 260 |
_aThrissur : _bThe Mangalodayam Pvt Ltd , _c1957. |
||
| 300 | _a191 ; . | ||
| 365 | _a1.50 | ||
| 504 | _a | ||
| 942 | _cBK | ||
| 999 |
_c4363 _d4363 |
||